000 00567nam a2200205Ia 4500
005 20250923145155.0
008 008 250917s9999 xx 000 0 eng d
037 _aTextual
040 _aDSWL
_beng
_cDSWL
041 _aeng
_2eng
084 _azG152, N69
_qDSWL
245 0 _aMahatma Gandhi ki Jai (Hindi)
_cEd.by Mannarayan
260 _aNew York
_b Gandhi anti Ltd.
_c1969
300 _axii,314p.
365 _aINR
_b5.00
700 _aB.P.Misra
_9832520
925 _g5.00
942 _cTEXL
_hzG152, N69
999 _c1448060
_d1448060